|
|
|
|
| LEADER |
00000nab a2200000 i 4500 |
| 001 |
publ216 |
| 005 |
20150302144106.0 |
| 008 |
150302s2012 hu o 000 zxx d |
| 022 |
|
|
|a 1418-6241
|
| 040 |
|
|
|a BGE Publikációtár Repozitórium
|b hun
|
| 100 |
1 |
|
|a Czakó Dezső
|
| 245 |
1 |
3 |
|a Az Európai Unió adóharmonizációs folyamatának legfontosabb eredményei és néhány aktuális fejleménye
|c Czakó Dezső
|h [elektronikus dokumentum]
|
| 260 |
|
|
|c 2012
|
| 300 |
|
|
|a 89-108
|
| 490 |
0 |
|
|a EU Working Papers
|v No. 3. sz.
|
| 650 |
|
4 |
|a közgazdaságtudományok
|
| 695 |
|
|
|a Adóharmonizáció
|
| 695 |
|
|
|a Európai Unió
|
| 856 |
4 |
0 |
|u https://publikaciotar.uni-bge.hu/id/eprint/216/1/2011_3_06.pdf
|z Dokumentum-elérés
|